000 01739nam a22002417a 4500
999 _c20737
_d20737
005 20200127131112.0
008 200127b xxu||||| |||| 00| 0 spa d
040 _aCO-BoIAVH
_cCO-BoIAVH
041 _aspa
044 _ack
110 _aCC-AMDA Consejo Comunitario de Alto y Medio Dagua
245 _aVisión prospectiva y estratégica consejo comunitario de Alto y Medio Dagua
_cCC-AMDA Consejo Comunitario de Alto y Medio Dagua, apoyo técnico Fundación FUNDAPAV
260 _as.l,
_bCC-AMDA Consejo Comunitario de Alto y Medio Dagua
_cs.f
300 _a43 páginas,
_bFotografías y formas a color
_c21 x 28 cm
500 _aProyecto caracterización y ordenamiento ambiental del territorio del Consejo Comunitario de Alto y Medio Dagua en el marco del Proyecto Doble calzada Buga - Buenaventura (Tramos I, II, y III - km.27 + 200 al km.49)
505 _aEste documento pretende difundir ampliamente y potencializar el conocimiento, los sueños y estrategias que diseñaron las familias de las comunidades de La Delfina, El Salto, Triana, km 40, Bendiciones y Zaragoza que conforman el Consejo Comunitario de Alto y Medio Dagua. Como tal, aquí se expresa la situación actual del Consejo Comunitario en los aspectos ambientales, económicos, sociales, políticos y cultural-espirituales. También permite conocer las aspiraciones profundas de los 2.80 pobladores y el camino que se trazaron durante los años 2010 - 2011 para cristalizarlas.
650 0 _aProgramas de mejoramiento
650 0 _aProspección
650 0 _aAspectos sociales
650 0 _aComunidades negras
_zMunicipio de Buenaventura
710 _aFundación FUNDAPAV
_eApoyo técnico
942 _2ddc
_cFolleto